山梨県の市町村 (2000年) - Statistics

General Stats
  • This quiz has been taken 56 times
    41 since last reset
  • The average score is 43 of 64
Answers on the Map
Answers color-coded by a green-red scale on the quiz's map according to % correct below.
 
Answer Stats
ヒント 市町村名 % Correct
甲府市こうふし
100%
塩山市えんざんし
100%
山梨市やまなしし
100%
大月市おおつきし
100%
韮崎市にらさきし
100%
北巨摩郡 小淵沢町こぶちさわちょう
100%
南都留郡 山中湖村やまなかこむら
100%
南都留郡 河口湖町かわぐちこまち
100%
北都留郡 上野原町うえのはらまち
100%
北都留郡 小菅村こすげむら
100%
富士吉田市ふじよしだし
94%
南巨摩郡 身延町みのぶちょう
94%
南都留郡 忍野村おしのむら
94%
都留市つるし
89%
南巨摩郡 南部町なんぶちょう
89%
南都留郡 道志村どうしむら
89%
北都留郡 丹波山村たばやまむら
89%
東山梨郡 勝沼町かつぬまちょう
83%
東山梨郡 大和村やまとむら
83%
東八代郡 石和町いさわちょう
83%
南巨摩郡 早川町はやかわちょう
83%
中巨摩郡 昭和町しょうわちょう
83%
北巨摩郡 長坂町ながさかちょう
83%
南都留郡 西桂町にしかつらちょう
83%
東山梨郡 春日居町かすがいちょう
78%
西八代郡 上九一色村かみくいしきむら
78%
南巨摩郡 鰍沢町かじかざわちょう
78%
中巨摩郡 竜王町りゅうおうちょう
78%
北巨摩郡 大泉村おおいずみむら
78%
南都留郡 秋山村あきやまむら
78%
南都留郡 鳴沢村なるさわむら
78%
西八代郡 市川大門町いちかわだいもんちょう
72%
東八代郡 御坂町みさかちょう
67%
北巨摩郡 白州町はくしゅうまち
67%
東八代郡 一宮町いちのみやちょう
61%
西八代郡 下部町しもべちょう
61%
北巨摩郡 須玉町すたまちょう
61%
東山梨郡 三富村みとみむら
56%
東八代郡 八代町やつしろちょう
56%
中巨摩郡 芦安村あしやすむら
56%
中巨摩郡 櫛形町くしがたまち
56%
東八代郡 芦川村あしがわむら
50%
南巨摩郡 増穂町ますほちょう
50%
南巨摩郡 富沢町とみざわちょう
50%
北巨摩郡 双葉町ふたばちょう
50%
南都留郡 勝山村かつやまむら
50%
西八代郡 三珠町みたまちょう
44%
西八代郡 六郷町ろくごうちょう
44%
南巨摩郡 中富町なかとみちょう
44%
北巨摩郡 明野村あけのむら
44%
北巨摩郡 高根町たかねちょう
44%
南都留郡 足和田村あしわだむら
44%
東八代郡 中道町なかみちまち
39%
中巨摩郡 敷島町しきしままち
39%
中巨摩郡 白根町しらねまち
39%
東八代郡 境川村さかいがわむら
33%
中巨摩郡 八田村はったむら
33%
中巨摩郡 若草町わかくさちょう
33%
中巨摩郡 甲西町こうさいまち
33%
中巨摩郡 玉穂町たまほちょう
28%
中巨摩郡 田富町たとみちょう
28%
東山梨郡 牧丘町まきおかちょう
22%
東八代郡 豊富村とよとみむら
22%
北巨摩郡 武川村むかわむら
22%
No matching quizzes found
Score Distribution
Percent of People with Each Score
Percentile by Number Answered
Your Score History
You have not taken this quiz since the last reset